Entry Nombre personal
001 - NÚMERO DE CONTROL
- campo de control: 234589
003 - IDENTIFICADOR DE NÚMERO DE CONTROL
- campo de control: SpMaBN
005 - FECHA Y HORA DE LA ÚLTIMA TRANSACCIÓN
- campo de control: 20231121114908.0
008 - ELEMENTOS DE DATO DE LONGITUD-FIJA
- campo de control de longitud fija: 120521n|#azznnaabn |n aac ##
040 ## - FUENTE DE CATALOGACIÓN
- Centro catalogador/agencia de origen: SpMaBN
- Lengua de catalogación: spa
- Centro/agencia transcriptor: SpMaBN
- Normas de descripción: rdc
- Convención/Normas de encabezamiento de materia/tesauro: embne
100 1# - ENCABEZAMIENTO-NOMBRE DE PERSONA
- Nombre de persona: Cabrelles Sagredo, María de la Soledad
670 ## - FUENTE DE DATOS ENCONTRADOS
- Cita de la fuente: El juego musical como factor potenciador de la atención y la memoria para mejorar el aprendizaje musical infantil
670 ## - FUENTE DE DATOS ENCONTRADOS
- Cita de la fuente: WWW Bn España aut., 21-11-2023;
- Información encontrada: Cabrelles Sagredo, María de la Soledad
954 ## - CATALOGADOR -ALTA REGISTRO
- Nombre del catalogador: Inmaculada Vicente Garcia
